书目信息 |
| 题名: |
固体电子学基础
|
|
| 作者: | 张艺 , 沈为民 主编 | |
| 分册: | ||
| 出版信息: | 杭州 浙江大学出版社 2005 |
|
| 页数: | 209页 | |
| 开本: | 23cm | |
| 丛书名: | ||
| 单 册: | ||
| 中图分类: | O461.2 | |
| 科图分类: | ||
| 主题词: | 固体物理学--电子学 , 固体物理学 , 电子学 | |
| 电子资源: | ||
| ISBN: | 7-308-04487-4 | |
| 000 | 00871nam0 2200265 450 | |
| 001 | 012007933959 | |
| 005 | 20070516175015.40 | |
| 010 | @a7-308-04487-4@dCNY20.00 | |
| 100 | @a20070508d2005 km y0chiy0120 ea | |
| 101 | 0 | @achi |
| 102 | @aCN@b330000 | |
| 105 | @ay z 000yy | |
| 106 | @ar | |
| 200 | 1 | @a固体电子学基础@Agu ti dian zi xue ji chu@f张艺,沈为民主编@Fzhang yi,shen wei min zhu bian |
| 210 | @a杭州@c浙江大学出版社@d2005 | |
| 215 | @a209页@d23cm | |
| 330 | @a本书共分7章,包括晶体的结构和晶体的结合,晶格振动和晶体的缺陷,能带论基础,半导体中的载流子,固体表面及界面接触现象和固体的光学性质与固体中的光电现象。 | |
| 606 | 0 | @a固体物理学@x电子学 |
| 606 | 0 | @a固体物理学 |
| 606 | 0 | @a电子学 |
| 690 | @aO461.2@v4 | |
| 701 | 0 | @a张艺@Azhang yi@4主编 |
| 701 | 0 | @a沈为民@Ashen wei min@4主编 |
| 801 | 0 | @aCN@bRULIN@c20070516 |
| 905 | @dO461.2@e16@s5 | |
| 固体电子学基础/张艺,沈为民主编.-杭州:浙江大学出版社,2005 |
| 209页;23cm |
| ISBN 7-308-04487-4:CNY20.00 |
| 本书共分7章,包括晶体的结构和晶体的结合,晶格振动和晶体的缺陷,能带论基础,半导体中的载流子,固体表面及界面接触现象和固体的光学性质与固体中的光电现象。 |
| ● |
| 相关链接 |
|
|
|
|
正题名:固体电子学基础
索取号:O461.2/16
 
预约/预借
| 序号 | 登录号 | 条形码 | 馆藏地/架位号 | 状态 | 备注 |
| 1 | 0571991 | 205719917 | 第二样本阅览室/ [索取号:O461.2/16] | 在馆 | |
| 2 | 0571992 | 205719926 | 第三借阅区/ [索取号:O461.2/16] | 在馆 | |
| 3 | 0571993 | 205719935 | 第三借阅区/ [索取号:O461.2/16] | 在馆 | |
| 4 | 0571994 | 205719944 | 第三借阅区/ [索取号:O461.2/16] | 在馆 | |
| 5 | 0571995 | 205719953 | 第三借阅区/ [索取号:O461.2/16] | 在馆 |